Mass transfer--transport properties /

Bibliographic Details
Corporate Author: American Institute of Chemical Engineers
Other Authors: Van Antwerpen, Franklin John, 1912-
Format: Book
Language:English
Published: New York, [publisher not identified] ; 1955.
Series:Chemical engineering progress symposium series ; no.16.
Subjects:

MARC

Tag First Indicator Second Indicator Subfields
LEADER 00000cam a2200000 4500
001 in00000099469
005 20150926125616.0
008 740729s1955 eng u
010 |a  55008578  
035 |a (OCoLC)00965645 
035 |9 AAL3890AM 
040 |c SYB  |d TXA  |d UtOrBLW 
049 |a TXAM  |c [363520] 
050 0 0 |a TP155  |b .A62 
082 0 |a 660.28 
110 2 |a American Institute of Chemical Engineers. 
245 1 0 |a Mass transfer--transport properties /  |c [by] R.B.Bird [and others] F.J.Van Antwerpen, editor. 
264 1 |a New York,  |b [publisher not identified] ;  |c 1955. 
300 |a 120p :  |b illustrations, diagrams ;  |c 28cm. 
336 |a text  |b txt  |2 rdacontent 
337 |a unmediated  |b n  |2 rdamedia 
338 |a volume  |b nc  |2 rdacarrier 
490 1 |a Chemical engineering progress symposium series,  |v no.16 
504 |a Includes bibliographies. 
650 0 |a Chemical engineering. 
650 0 |a Mass transfer. 
700 1 |a Van Antwerpen, Franklin John,  |d 1912- 
830 0 |a Chemical engineering progress symposium series ;  |v no.16. 
999 |a MARS 
999 f f |s d541f4ae-5f66-3ad2-b683-45e6276ebfb3  |i 0847cce0-6191-32ff-923f-d6fd7a14c4e3  |t 0 
952 f f |p ric  |a Texas A&M University  |b Rellis Campus  |c Joint Library Facility  |d Remote Storage  |t 0  |e TP155 .A62  |h Library of Congress classification  |i unmediated -- volume  |m A14805596231 
998 f f |a TP155 .A62  |t 0  |l Remote Storage